000 00972nam a2200361Ia 4500
005 20260514124358.0
008 008 261405s9999 xx 000 0 eng d
037 _aThesis
040 _aCRL
040 _beng
040 _cCRL
041 _2eng
041 _aeng
084 _qCRL
100 _aTripathi Dr.Balkrishn
_91239700
245 0 _aAssessment of Serum Inhibin-B, Reproductive Hormones and Testicular Volume in Children with Hypospadias.
260 _aDelhi
260 _bUniversity of Delhi
260 _c2015
300 _a59p.
502 _bPh.D.
502 _cUniversity of Delhi
502 _d2015
541 _oThesis
650 _aPediatric Surgery
_91239701
700 _aDr.Sapna Singh
_91239702
700 _aDr.Satish K.Aggarwal,
_91239703
700 _aDr.Simmi K.Ratan,
_91239704
700 _aDr.Tarun K.Mishra
_91239705
710 _aPediatric Surgery
_91239706
942 _cTH
999 _c1851768
_d1851768